Visualizzazione normale
Vista MARC
- Bach Johann Sebastian
di Personal Name
Records bibliografici associati: 1
001 - CONTROL NUMBER
- control field: 892
003 - CONTROL NUMBER IDENTIFIER
- control field: IT-RoPau
005 - DATE AND TIME OF LATEST TRANSACTION
- control field: 20131101224516.0
008 - FIXED-LENGTH DATA ELEMENTS
- fixed length control field: 131101|| aca||aabn | a|a d
040 ## - CATALOGING SOURCE
- Original cataloging agency: IT-RoPau
- Transcribing agency: IT-RoPau
100 ## - HEADING--PERSONAL NAME
- Personal name: Bach Johann Sebastian
- Dates associated with a name: Codice autore testo/musica SPICS: 9695
- Name of part/section of a work: Musetta
670 ## - SOURCE DATA FOUND
- Source citation: Work cat.: (IT-RoPau)100188: Anonimo 883, Notte di Natale (Lp Sn 30.19)